000 00513nam a2200193Ia 4500
005 20250923150043.0
008 008 250917s9999 xx 000 0 eng d
037 _aTextual
040 _aDSWL
_beng
_cDSWL
041 _aeng
_2eng
084 _qDSWL
245 0 _aThird survey of research in sociology and social anthropology
_cEd. by M. S. Gore
260 _aNew Delhi
_b ICSSR
_c2000
300 _a339p.
365 _aINR
_b500
925 _g500
942 _cTEXL
999 _c1459019
_d1459019